'If I Ran the Zoo' Creatures Quiz Stats

Quiz not verified by Sporcle

Challenge
Share
Tweet
Embed
Score 0/32 Timer 09:00
0 Plays Today
% Correct
Ten-Legged Lion
57.1%
Topknot Hens
57.1%
Joats
57.1%
Family of deer with connected horns
52.4%
Tufted Mazurka
52.4%
Tick-Tack-Toe
52.4%
Some Bippo-no-Bungus
52.4%
Elephant-Cat
47.6%
Bustard
47.6%
Flustard
47.6%
Iota
47.6%
Thwerll
47.6%
Propeller Bug
47.6%
Obsk
47.6%
Nerd
47.6%
Seersucker
47.6%
% Correct
What-do-you-know
42.9%
Lunks
42.9%
A deer with horns that no hunter would shoot
42.9%
Mulligatawny
42.9%
Chugg
42.9%
Russian Palooski
42.9%
Natch
38.1%
Fizza-ma-wizza-ma-dill
38.1%
It-Kutch
33.3%
Gasket
28.6%
Preep
28.6%
Proo
28.6%
Nerkle
28.6%
Gusset
23.8%
Gootch
23.8%
Gherkin
19%

You're not logged in!

Compare scores with friends on all Sporcle quizzes.
Sign Up with Email
OR
Log In

You Might Also Like...

Show Comments

Extras

Top Quizzes Today


Score Distribution

Your Account Isn't Verified!

In order to create a playlist on Sporcle, you need to verify the email address you used during registration. Go to your Sporcle Settings to finish the process.